2013 MLS Cup Playoffs - Statistics

General Stats
  • This quiz has been taken 85 times
  • The average score is 6 of 8
Answers on the Map
Answers color-coded by a green-red scale on the quiz's map according to % correct below.
 
Answer Stats
Team % Correct
Los Angeles Galaxy
93%
Real Salt Lake
85%
New York Red Bulls
80%
Seattle Sounders FC
78%
Sporting Kansas City
76%
Portland Timbers
74%
Houston Dynamo
67%
New England Revolution
65%
No matching quizzes found
Score Distribution
Percent of People with Each Score
Percentile by Number Answered
Your Score History
You have not taken this quiz